[Event "World Rapid Women 2017"]
[Site "Riyadh KSA"]
[Date "2017.12.28"]
[Round "15.34"]
[White "Gevorgyan, Maria"]
[Black "Fierro Baquero, Martha L."]
[Result "1/2-1/2"]
[WhiteTitle "WIM"]
[BlackTitle "IM"]
[WhiteElo "2275"]
[BlackElo "2369"]
[WhiteFideId "13300270"]
[BlackFideId "3600270"]
[EventDate "2017.12.26"]

1. e4 d5 2. exd5 Qxd5 3. d4 e5 4. dxe5 Qxd1+ 5. Kxd1 Nc6 6. Bf4 Bg4+ 7. Be2
O-O-O+ 8. Nd2 Bxe2+ 9. Nxe2 Nge7 10. Bg3 Nf5 11. f4 Bc5 12. Kc1 Be3 13. Rd1 Rd7
14. Be1 Rhd8 15. c3 Nce7 16. g4 Nh6 17. h3 Nd5 18. f5 Bf4 19. Nxf4 Nxf4 20. Bh4
Re8 21. Kc2 Ng2 22. Bg5 Rxe5 23. Nc4 Re2+ 24. Kb3 Rxd1 25. Rxd1 f6 26. Bc1 Nf7
27. Rd2 Re1 28. Rxg2 Rxc1 29. Re2 b5 30. Na3 Nd6 31. Re7 Rh1 32. Rxg7 Rxh3 33.
Kb4 a6 34. c4 Rg3 35. cxb5 Nxf5 36. Rxh7 Rxg4+ 37. Ka5 axb5 38. Nxb5 Rg7 39.
Rh8+ Kd7 40. Rf8 Rg5 41. Rf7+ Ne7 42. Ka6 Ke6 43. Rh7 c6 44. Nd4+ Kd6 45. Rf7 f5
46. a4 c5 47. Nb5+ Ke6 48. Rf8 Rg4 49. a5 Ra4 50. Rb8 Rxa5+ 51. Kxa5 Nc6+ 52.
Kb6 Nxb8 53. Kxc5 Ke5 54. Nd4 f4 55. Nf3+ Ke4 56. Nh4 Kd3 57. b4 Na6+ 58. Kb5
Nxb4 59. Kxb4 Ke3 60. Ng2+ 1/2-1/2

[Event "World Rapid Women 2017"]
[Site "Riyadh KSA"]
[Date "2017.12.28"]
[Round "15.35"]
[White "Nguyen, Thi Mai Hung"]
[Black "Papp, Petra"]
[Result "0-1"]
[WhiteTitle "WGM"]
[BlackTitle "WGM"]
[WhiteElo "2321"]
[BlackElo "2313"]
[WhiteFideId "12401676"]
[BlackFideId "739049"]
[EventDate "2017.12.26"]

1. d4 Nf6 2. Nf3 g6 3. g3 Bg7 4. Bg2 O-O 5. O-O d5 6. c4 c6 7. Qb3 Qb6 8. Nc3
Rd8 9. c5 Qa6 10. Bf4 Re8 11. Rfe1 b6 12. Rac1 Nh5 13. Be5 Bh6 14. e3 Be6 15. h3
Nf6 16. g4 Nfd7 17. cxb6 axb6 18. Bg3 f6 19. Bf4 Bxf4 20. exf4 Bf7 21. g5 Qb7
22. Qc2 Na6 23. a3 Rac8 24. Re2 Nf8 25. Rce1 Qd7 26. Qd2 Nc7 27. Nh2 Be6 28. Re3
Bf5 29. Ng4 Bxg4 30. hxg4 fxg5 31. f5 e6 32. Re5 exf5 33. gxf5 Rxe5 34. Rxe5 Re8
35. Rxe8 Nxe8 36. fxg6 h6 37. Qc2 Qe6 38. Qb3 Nxg6 39. Qxb6 Nf4 40. Qd8 Kg7 41.
Kf1 Nd6 42. Qc7+ Nf7 43. f3 Qe3 44. Qxc6 Qc1+ 45. Kf2 Qd2+ 0-1

[Event "World Rapid Women 2017"]
[Site "Riyadh KSA"]
[Date "2017.12.28"]
[Round "15.36"]
[White "Khukhashvili, Sopiko"]
[Black "Michna, Marta"]
[Result "0-1"]
[WhiteTitle "IM"]
[BlackTitle "WGM"]
[WhiteElo "2312"]
[BlackElo "2377"]
[WhiteFideId "13602055"]
[BlackFideId "1106686"]
[EventDate "2017.12.26"]

1. c4 d6 2. Nc3 g6 3. d4 Bg7 4. e4 Nd7 5. Be3 e5 6. Nf3 Ngf6 7. Qd2 Ng4 8. Bg5
f6 9. Bh4 h5 10. h3 Nh6 11. dxe5 dxe5 12. O-O-O Nf7 13. Qc2 c6 14. Bg3 O-O 15.
Nh4 Kh7 16. f3 Qe7 17. Bf2 Nc5 18. g4 g5 19. Nf5 Bxf5 20. exf5 Rfd8 21. h4 Kg8
22. Be2 hxg4 23. fxg4 Rxd1+ 24. Rxd1 gxh4 25. Bxh4 Bh6+ 26. Kb1 Bg5 27. Bf2 Rd8
28. Rxd8+ Nxd8 29. a3 a5 30. Qd1 Nf7 31. Qg1 Nb3 32. Ka2 Nc1+ 33. Kb1 Nxe2 34.
Nxe2 Qd7 35. Nc1 Qd2 36. a4 e4 37. Qe1 e3 38. Bg3 Ne5 39. Nb3 Qd3+ 40. Ka2 Nxc4
41. Nxa5 Nd2 42. Qh1 Qd4 43. b3 Qc3 44. Bc7 Qc2+ 45. Ka1 e2 0-1

[Event "World Rapid Women 2017"]
[Site "Riyadh KSA"]
[Date "2017.12.28"]
[Round "15.37"]
[White "Zawadzka, Jolanta"]
[Black "Ovod, Evgenija"]
[Result "1/2-1/2"]
[WhiteTitle "WGM"]
[BlackTitle "IM"]
[WhiteElo "2424"]
[BlackElo "2364"]
[WhiteFideId "1122320"]
[BlackFideId "4131827"]
[EventDate "2017.12.26"]

1. e4 e5 2. Nf3 Nc6 3. Bb5 Nf6 4. d3 Bc5 5. c3 O-O 6. O-O d6 7. h3 Bb6 8. Nbd2
Ne7 9. Ba4 c6 10. Re1 Ng6 11. Nc4 Bxf2+ 12. Kxf2 b5 13. Ncxe5 dxe5 14. Bb3 Nh5
15. Bg5 Qd6 16. d4 exd4 17. e5 Qc7 18. cxd4 Nhf4 19. Qd2 Nd5 20. Rac1 Be6 21.
Kg1 a5 22. a4 b4 23. Qc2 Rac8 24. Be3 h6 25. Bf2 Nge7 26. Nd2 f5 27. exf6 Rxf6
28. Ne4 Rg6 29. Bg3 Qd8 30. Qf2 Nf5 31. Nc5 Bf7 32. Qxf5 Rxg3 33. Ne6 Qd7 34.
Bxd5 cxd5 35. Rxc8+ Qxc8 36. Nxg7 Qc4 37. Ne6 Rg6 38. Kh2 Qb3 39. g4 Qxb2+ 40.
Kh1 Qd2 41. Re5 Qd1+ 42. Kg2 Qd2+ 43. Kg3 Rxe6 44. Rxe6 Bxe6 45. Qxe6+ Kg7 46.
Qe5+ Kg6 47. Qf5+ Kg7 48. Qd7+ Kg6 49. Qe6+ Kg7 50. Qe5+ Kg6 51. Qe6+ Kg7 52.
Qe7+ 1/2-1/2

[Event "World Rapid Women 2017"]
[Site "Riyadh KSA"]
[Date "2017.12.28"]
[Round "15.38"]
[White "Mammadzada, Gunay"]
[Black "Rapport, Jovana"]
[Result "1/2-1/2"]
[WhiteTitle "WGM"]
[BlackTitle "WGM"]
[WhiteElo "2333"]
[BlackElo "2299"]
[WhiteFideId "13403729"]
[BlackFideId "937266"]
[EventDate "2017.12.26"]

1. e4 g6 2. d4 Nf6 3. Nc3 d5 4. e5 Ne4 5. Nxe4 dxe4 6. Be3 Bg7 7. Qd2 c5 8. c3
Nc6 9. Bc4 O-O 10. Ne2 Na5 11. Bb3 Nxb3 12. axb3 cxd4 13. Qxd4 Qxd4 14. Bxd4 Be6
15. b4 a6 16. h4 f5 17. Nf4 Kf7 18. Ke2 h6 19. g3 Rfe8 20. Ra5 Bc4+ 21. Ke3 e6
22. Rc5 Rac8 23. Rd1 Bb5 24. b3 Rxc5 25. bxc5 Rd8 26. c4 Be8 27. Rb1 Ke7 28. b4
g5 29. Ng2 Kf7 30. b5 axb5 31. cxb5 Ra8 32. c6 bxc6 33. b6 Rb8 34. Ra1 c5 35.
Ra7+ Kg6 36. Bxc5 Bxe5 37. Re7 Kf6 38. Rh7 Kg6 39. Re7 Kf6 40. Rh7 Kg6 41. Re7
Kf6 1/2-1/2

[Event "World Rapid Women 2017"]
[Site "Riyadh KSA"]
[Date "2017.12.28"]
[Round "15.39"]
[White "Doluhanova, Evgeniya"]
[Black "Gu, Xiaobing"]
[Result "1-0"]
[WhiteTitle "WGM"]
[BlackTitle "WGM"]
[WhiteElo "2352"]
[BlackElo "2332"]
[WhiteFideId "14112035"]
[BlackFideId "8602611"]
[EventDate "2017.12.26"]

1. e4 c5 2. Nf3 d6 3. d4 cxd4 4. Nxd4 Nf6 5. Nc3 a6 6. a4 e5 7. Nf3 Qc7 8. Bg5
Nbd7 9. Nd2 h6 10. Be3 Be7 11. Bc4 Nc5 12. O-O O-O 13. Nd5 Nxd5 14. Bxd5 Be6 15.
b4 Bxd5 16. exd5 Nd7 17. c4 a5 18. Rb1 f5 19. bxa5 Rxa5 20. f4 e4 21. g4 Nc5 22.
gxf5 Rxa4 23. Kh1 Ra2 24. Qg4 Bf6 25. Rg1 Kh8 26. Rg2 Rfa8 27. Rbg1 Qe7 28. Qg6
Ra1 29. Rxa1 Rxa1+ 30. Rg1 Ra3 31. Rg3 Bh4 32. Bxc5 Ra1+ 33. Rg1 Rxg1+ 34. Bxg1
e3 35. Nf3 e2 36. Qe6 Qxe6 37. fxe6 Kg8 38. c5 g5 39. fxg5 hxg5 40. h3 dxc5 41.
Bxc5 e1=Q+ 42. Nxe1 Bxe1 43. d6 Ba5 44. d7 1-0

[Event "World Rapid Women 2017"]
[Site "Riyadh KSA"]
[Date "2017.12.28"]
[Round "15.40"]
[White "Kulon, Klaudia"]
[Black "Belenkaya, Dina"]
[Result "1-0"]
[WhiteTitle "WGM"]
[BlackTitle "WGM"]
[WhiteElo "2370"]
[BlackElo "2303"]
[WhiteFideId "1131044"]
[BlackFideId "24142654"]
[EventDate "2017.12.26"]

1. c4 e5 2. g3 Nc6 3. Bg2 Bc5 4. Nc3 a6 5. e3 d6 6. Nge2 Nge7 7. O-O Ba7 8. h3
O-O 9. d4 f6 10. d5 Nb8 11. e4 f5 12. Kh2 Nd7 13. f4 Nc5 14. exf5 Bxf5 15. fxe5
dxe5 16. b4 Nd7 17. Bg5 h6 18. Bxe7 Qxe7 19. c5 Rad8 20. Qb3 Kh8 21. Rae1 Bd3
22. Nf4 Bf5 23. Nfe2 Bh7 24. Nf4 Bf5 25. Nd1 Qg5 26. Nd3 Bxd3 27. Qxd3 Rxf1 28.
Rxf1 Nf6 29. Nc3 b6 30. Qxa6 Bb8 31. c6 Qe3 32. Qc4 e4 33. Nxe4 b5 34. Qc5 Ba7
35. Qxe3 Bxe3 36. Nxf6 gxf6 37. Rxf6 Ra8 38. Rf7 Bb6 39. d6 cxd6 40. Rb7 Bd8 41.
c7 Bxc7 42. Rxc7 Rxa2 43. Rb7 d5 44. Rxb5 d4 45. Rd5 Rd2 46. g4 d3 47. Kg3 Rb2
48. Rxd3 Rxb4 49. Rd7 Rb5 50. Be4 h5 51. Rd5 Rb3+ 52. Kh4 hxg4 53. hxg4 Rb4 54.
Bf5 Kg7 55. Kg5 Rb6 56. Rd7+ Kh8 57. Bg6 Kg8 58. Kh6 Kf8 59. Rf7+ Kg8 60. Re7
Rb8 61. Re8+ Rxe8 62. Bxe8 Kh8 63. g5 Kg8 64. Ba4 Kh8 65. g6 Kg8 66. Bb3+ Kf8
67. g7+ Ke7 68. g8=Q 1-0

[Event "World Rapid Women 2017"]
[Site "Riyadh KSA"]
[Date "2017.12.28"]
[Round "15.41"]
[White "Sukandar, Irine Kharisma"]
[Black "Badelka, Olga"]
[Result "1-0"]
[WhiteTitle "IM"]
[BlackTitle "WIM"]
[WhiteElo "2384"]
[BlackElo "2388"]
[WhiteFideId "7101937"]
[BlackFideId "13509926"]
[EventDate "2017.12.26"]

1. e4 c5 2. Nf3 Nc6 3. d4 cxd4 4. Nxd4 Qb6 5. Nb3 Nf6 6. Nc3 e6 7. Be3 Qc7 8. a3
a6 9. Bd3 b5 10. f4 d6 11. O-O Bb7 12. Qf3 Be7 13. Rae1 b4 14. axb4 Nxb4 15. Qg3
Nxd3 16. cxd3 O-O 17. f5 Kh8 18. Kh1 e5 19. Rc1 Qd7 20. Na5 Rac8 21. Bg5 Ba8 22.
Nc4 Qd8 23. Bxf6 Bxf6 24. Ra1 Bb7 25. Nd5 Bxd5 26. exd5 Rc5 27. Qf3 a5 28. Qe4
Qa8 29. b4 Rb5 30. Rxa5 Rxa5 31. bxa5 Rb8 32. Nxd6 Qxa5 33. Nxf7+ Kg8 34. Nxe5
Re8 35. d4 Rd8 36. Rb1 h6 37. d6 Qa2 38. d7 Bxe5 39. dxe5 Rxd7 40. e6 Rd8 41. f6 1-0

[Event "World Rapid Women 2017"]
[Site "Riyadh KSA"]
[Date "2017.12.28"]
[Round "15.42"]
[White "Ordaz Valdes, Lisandra Teresa"]
[Black "Ambartsumova, Karina"]
[Result "0-1"]
[WhiteTitle "WGM"]
[BlackTitle "WGM"]
[WhiteElo "2414"]
[BlackElo "2359"]
[WhiteFideId "3506940"]
[BlackFideId "4166299"]
[EventDate "2017.12.26"]

1. d4 Nf6 2. c4 d6 3. Nc3 e5 4. Nf3 Nbd7 5. Bg5 Be7 6. Qc2 O-O 7. e3 Re8 8. Be2
exd4 9. Nxd4 Ne5 10. O-O c6 11. Rad1 Qc7 12. Bf4 Bf8 13. h3 g6 14. Bg3 a6 15.
Rc1 c5 16. Nf3 Bg7 17. Rfd1 Be6 18. Nxe5 dxe5 19. Nd5 Bxd5 20. cxd5 Nd7 21. b4
b6 22. d6 Qd8 23. Bf3 Ra7 24. Bd5 cxb4 25. Qb3 Nc5 26. Qxb4 Bf8 27. Bc6 Re6 28.
Bh4 Qb8 29. Be7 a5 30. Qb2 Qc8 31. Rxc5 bxc5 32. d7 Qxc6 33. d8=Q Raxe7 34. Qxa5
Rc7 35. Rd8 Kg7 36. Qa8 Qxa8 37. Rxa8 c4 38. Qc3 Be7 39. Ra4 Rec6 40. Kh2 f5 41.
Qxe5+ Bf6 42. Qe8 c3 43. Ra8 Kh6 44. Qf8+ Bg7 45. Qd8 Be5+ 46. f4 c2 47. fxe5
c1=Q 48. Qh4+ Kg7 49. Re8 Qxe3 50. Re7+ Kf8 51. Rxc7 Qxe5+ 0-1

[Event "World Rapid Women 2017"]
[Site "Riyadh KSA"]
[Date "2017.12.28"]
[Round "15.43"]
[White "Arakhamia-Grant, Ketevan"]
[Black "Bulmaga, Irina"]
[Result "0-1"]
[WhiteTitle "GM"]
[BlackTitle "IM"]
[WhiteElo "2350"]
[BlackElo "2427"]
[WhiteFideId "13600168"]
[BlackFideId "13903063"]
[EventDate "2017.12.26"]

1. e4 c5 2. Nc3 d6 3. g3 Nc6 4. Bg2 g6 5. d3 Bg7 6. Be3 Rb8 7. Qd2 b5 8. f4 b4
9. Nd1 Qc7 10. Nf3 Nd4 11. Nh4 Nf6 12. c3 bxc3 13. bxc3 Nc6 14. h3 e5 15. O-O
O-O 16. f5 Re8 17. Bh6 c4 18. dxc4 Na5 19. Bxg7 Kxg7 20. fxg6 fxg6 21. Ne3 Be6
22. Nd5 Bxd5 23. cxd5 Nc4 24. Qg5 Rf8 25. Rf2 Qc5 26. Rf1 Rb2 27. Nf5+ Kh8 28.
Nd4 Rxf2 29. Rxf2 exd4 30. Rxf6 dxc3+ 31. Kh2 Qc8 32. Rxg6 c2 33. Rf6 Ne5 34.
Rxf8+ Qxf8 35. Qd2 Qc8 36. Qc1 Nd3 37. Qa1+ Kg8 0-1

[Event "World Rapid Women 2017"]
[Site "Riyadh KSA"]
[Date "2017.12.28"]
[Round "15.44"]
[White "Zozulia, Anna"]
[Black "Galojan, Lilit"]
[Result "1-0"]
[WhiteTitle "IM"]
[BlackTitle "IM"]
[WhiteElo "2316"]
[BlackElo "2300"]
[WhiteFideId "14102110"]
[BlackFideId "13301314"]
[EventDate "2017.12.26"]

1. e4 c5 2. Nf3 e6 3. d4 cxd4 4. Nxd4 a6 5. Nc3 Qc7 6. Be2 Nf6 7. a3 b5 8. O-O
Bb7 9. Bd3 Be7 10. Be3 d6 11. f4 Nbd7 12. Qf3 Nc5 13. Rae1 h5 14. Bf2 Ng4 15.
Kh1 Nxf2+ 16. Qxf2 Qd8 17. Qe3 g6 18. f5 e5 19. Ndxb5 Nxd3 20. Qxd3 axb5 21.
fxg6 fxg6 22. Nxb5 Rf8 23. Qc4 Rxf1+ 24. Rxf1 Kd7 25. Rd1 Bc6 26. Qd3 Kc8 27. c4
Bxb5 28. cxb5 1-0